Регионална библиотека "Любен Каравелов" - Русе

Услугата (Запис номер 511658)

MARC детайли
000 -Лидер
Контролно поле с фиксирана дължина 00887nam a2200277 c 4500
003 - Код на организацията, давaща контролен номер
Контролно поле BLK
005 - Дата и час на последна редакция
Контролно поле 20250718162614.0
008 - Елементи от данни с фиксирана дължина
fixed length control field 180411b bul|||||r ||||||| ||bul||
020 ## - Международен стандартен номер на книга ISBN
Международен стандартен номер на книга ISBN 9789542840787
040 ## - Източник на каталожния запис
Идентификатор на билиотеката - собственик на записа BLK
041 ## - Код за език
Код за езика на текст/звукозапис или на отделно заглавие Български
Код за езика КДБФ Български
080 ## - УДК
Текстов определител УДК Американска литература (на САЩ)
УДК код - определител по УДК 821.111(73)
УДК определител -312.4
УДК - код + определител 821.111(73)-312.4
100 1# - Редна дума - Автор
Автор Бел, Дейвид
R(LIN) 37643
139 ## - Редно поле
Авторски знак Бел - Б 33
245 10 - Сведения за заглавието
Заглавие Услугата
Подзаглавни данни Роман
Редно поле (дума) Дейвид Бел; прев. Коста Атанасов Сивов.
257 ## - Страна на издаване
Страна на създаване/издаване Съединени американски щати
260 ## - Област на издателските данни
Име на издателя, разпространителя и проч. Сиела Норма
Година на издаване 2022
Място на издаване, разпространение и проч. София
300 ## - Физическа характеристика
Страници 392 с.
Размери/Мащаб 21 см
380 ## - Жанр
Жанр Худож. лит.
700 ## - Други автори (авторска отговорност)
Лично име Сивов, Коста Атанасов
9 (RLIN) 383724
856 4# - Електронен адрес и достъп
Електронен формат pdf - файл
856 4# - Електронен адрес и достъп
Електронен формат pdf - файл
942 ## - АРТИКУЛИ
Вид на библиотечния материал Книги
Скрит в OPAC Не
Koha issues (borrowed), all copies 33
999 ## - СИСТЕМНИ КОНТРОЛНИ НОМЕРА
Koha biblionumber 511658
Koha biblioitemnumber 511658
999 ## - СИСТЕМНИ КОНТРОЛНИ НОМЕРА
Koha biblioitemnumber 186072
944 ## - СЪЗДАВАНЕ И РЕДАКЦИЯ на ЗАПИСА
Създаване/Редакция
Дата на регистрацията/редакция Нора Радева
Служител, извършил регистрацията/редакцията 30576
Статус, дата на статуса Цветомила Тодорова
Наличности
Код за отписване Код за изгубен артикул Източник на класификационната схема Код за повреда Код за отдаване Артикулен № Име на библиотеката - собственик Име на библиотеката, в която се намира в момента Статус (Текущо местоположение) Дата на вписване в системата Местоположение - отдел Цена в лева Инвентарен номер Систематично азбучна сигнатура Баркод Цена в евро Служебен тип на артикула
  Не е изгубен Universal Decimal Classification Не е повреден заемане за дома 944068 Регионална библиотека "Любен Каравелов" Русе Регионална библиотека "Любен Каравелов" Русе Заемна - подръчен фонд 2024-06-11 Заемна - подръчен фонд 12.84 120000909179 821-31/Б 33 Д 120000909179 6.56 Книги
  Не е изгубен Universal Decimal Classification Не е повреден заемане за дома 944069 Регионална библиотека "Любен Каравелов" Русе Регионална библиотека "Любен Каравелов" Русе Заемна - подръчен фонд 2024-06-11 Заемна - подръчен фонд 12.84 120000909178 821-31/Б 33 Д 120000909178 6.56 Книги
Vip Innovations Ltd, Rousse, Bulgaria 2025